| 000 | 00496nam a2200145Ia 4500 | ||
|---|---|---|---|
| 005 | 20260121165308.0 | ||
| 008 | 260121s9999 xx 000 0 und d | ||
| 020 | _a978-93-91558-53-6 | ||
| 041 | _amar | ||
| 100 | _aसबनीस, मिलिंद | ||
| 245 | _aसमाजाला एकत्रित बांधणारा भक्तिमार्ग | ||
| 250 | _a1 | ||
| 260 |
_bभारतीय विचार साधना फाउंडेशन _c2021 |
||
| 300 | _a36 | ||
| 999 |
_c369950 _d369950 |
||